|
|
|
|
| LEADER |
01465nam a2200301 u 4500 |
| 001 |
10099168 |
| 003 |
upatras |
| 005 |
20210117203505.0 |
| 008 |
121017s2008 us eng |
| 020 |
|
|
|a 9780307395481
|
| 040 |
|
|
|a GR-PaULI
|c GR-PaULI
|
| 041 |
0 |
|
|a eng
|
| 082 |
0 |
4 |
|a 720.470 973
|
| 100 |
1 |
|
|a Sharkey, Lisa
|4 aut
|9 110099
|
| 245 |
1 |
0 |
|a Dreamig green
|b eco-fabulous homes designed to inspire
|c Lisa Sharkey and Paul Gleicher; with Sara Bliss
|c ; photographs by Linda Bell Hall
|
| 260 |
|
|
|a New York
|b Clarkson Potter/Publishers
|c 2008
|
| 300 |
|
|
|a 240 p.
|b ill.
|c 29 cm.
|
| 504 |
|
|
|a Includes index
|
| 650 |
|
4 |
|a Αρχιτεκτονική
|x Περιβαλλοντικές απόψεις
|z Ηνωμένες Πολιτείες Αμερικής
|9 110100
|
| 650 |
|
4 |
|a Βιοκλιματική αρχιτεκτονική
|x Εικονογραφημένα έργα
|9 106661
|
| 650 |
|
4 |
|9 61085
|a Αρχιτεκτονική, Οικιακή
|z Ηνωμένες Πολιτείες Αμερικής
|
| 700 |
1 |
|
|a Bliss, Sara
|4 oth
|9 110101
|
| 700 |
1 |
|
|a Hall, Linda Bell
|4 pht
|9 110102
|
| 852 |
|
|
|a GR-PaULI
|b ΠΑΤΡΑ
|b ΑΡΧΙΤΕΚΤΟΝΙΚΗ
|k ΑΣΧΞ-2
|h 720.470 973 SHA
|m 008868
|p 025000180021
|t 1
|
| 942 |
|
|
|2 ddc
|c BK15
|
| 952 |
|
|
|0 0
|1 0
|4 0
|6 720_470000000000000_973_SHA
|7 0
|9 116550
|a ARCH
|b ARCH
|d 2016-04-24
|i 008868
|l 1
|m 1
|o 720.470 973 SHA
|p 025000180021
|r 2019-11-19 00:00:00
|s 2019-11-01
|t 1
|w 2016-04-24
|y BK15
|
| 998 |
|
|
|c Κηπουργού
|d 2012-10
|
| 999 |
|
|
|c 77738
|d 77738
|